ბათუმის შოთა რუსთაველის სახელმწიფო უნივერსიტეტის ბიბლიოთეკა

ეკონომიკური დიპლომატია : (ბიბ.ჩანაწერი № 58664)

000 -ლიდერი
ფიქსირებული სიგრძის საკონტროლო ველი 01963nam a22002897a 4500
003 - საკონტროლო ნომრის იდენტიფიკატორი
საკონტროლო ველი Ge_BSU
005 - ბოლო ოპერაციის თარიღი და დრო
საკონტროლო ველი 20220623135830.0
008 - ფიქსირებული სიგრძის მონაცემთა ელემენტები - ზოგადი ინფორმაცია
ფიქსირებული სიგრძის საკონტროლო ველი 220623s2020 xxu||||| |||| 00| 0 geo d
020 ## - წიგნის საერთაშორისო სტანდარტული ნომერი
International Standard Book Number 9789941266546
041 ## - ენის კოდი
Language code of text/sound track or separate title geo
080 ## - უნივერსალური ათობითი კლასიფიკაციის ინდექსი
Universal Decimal Classification number 339.9 ე-49
245 ## - ცნობა სათაურის შესახებ
Title ეკონომიკური დიპლომატია :
Remainder of title [სახელმძღვანელო] /
Statement of responsibility, etc ევგენი ბარათაშვილი, გელა ჩადუნელი, მურმან პაპაშვილი, ზურაბ კოზმავა, თეონა ბაგრატიონი ; სამეცნიერო რედაქტორები: რევაზ გველესიანი, გურამ ჯოლია, დავით ჯალაღანია.
250 ## - გამოცემის ცნობა
Edition statement მე-2 გადამუშავებული და შევსებული გამოცემა.
264 ## - წარმოების, გამოცემის, დისტრიბუციის და სხვა ცნობები
გამოცემის, წარმოების, დისტრიბუციის... ადგილი თბილისი :
გამოცემის, წარმოების, დისტრიბუციის... სახელწოდება უნივერსალი,
გამოცემის, წარმოების, დისტრიბუციის... თარიღი 2020.
300 ## - ფიზიკური აღწერა
Extent 454 გვ. ;
Other physical details 20 სმ.
500 ## - ზოგადი შენიშვნა
General note თავფურცლის მე-3 გვერდი ინგლისურ ენაზე.
501 ## - შენიშვნა თანმხლებ მასალაზე
With note უცხო სიტყვათა ლექსიკონი: გვ. 420-451.
504 ## - BIBLIOGRAPHY, ETC. NOTE
Bibliography, etc ბიბლიოგრაფია: გვ. 417-419.
653 ## - INDEX TERM--UNCONTROLLED
Uncontrolled term ეკონომიკური ურთიერთობები.
653 ## - INDEX TERM--UNCONTROLLED
Uncontrolled term ეკონომიკური დიპლომატია
700 ## - ADDED ENTRY--PERSONAL NAME
Personal name ბარათაშვილი, ევგენი
Relator term ავტორი
9 (RLIN) 734
700 ## - ADDED ENTRY--PERSONAL NAME
Personal name პაპაშვილი, მურმან
Relator term ავტორი
9 (RLIN) 2032
700 ## - ADDED ENTRY--PERSONAL NAME
Personal name ჩადუნელი, გელა
Relator term ავტორი
9 (RLIN) 14211
700 ## - ADDED ENTRY--PERSONAL NAME
Personal name კოზმავა, ზურაბ
Relator term ავტორი
9 (RLIN) 14212
700 ## - ADDED ENTRY--PERSONAL NAME
Personal name ბაგრატიონი, თეონა
Relator term ავტორი
9 (RLIN) 14213
942 ## - ADDED ENTRY ELEMENTS (KOHA)
Source of classification or shelving scheme
Koha item type წიგნი
ეგზემპლარები
ჩამოწერის სტატუსი დაკარგული ეგზემპლარის სტატუსი კლასიფიკაციის წყარო ან თაროზე გაწყობის სქემა დაზიანების სტატუსი არ გაიცემა მუდმივი მდებარეობა (დაცვის ადგილი) ამჟამინდელი ადგილსამყოფელი თაროზე განთავსების ადგილი შეძენის თარიღი ღირებულება, შესყიდვის ნორმალური ფასი სრული შენახვის შიფრი შტრიხკოდი ბოლო ოპერაციის თარიღი ეგზემპლარის მიმდევრობითი ნომერი (კეტერი?) ფასის ძალაში შესვლის თარიღი ეგზემპლარის სახეობა საჯარო შენიშვნა
          ბათუმის შოთა რუსთაველის სახელმწიფო უნივერსიტეტის მთავარი ბიბლიოთეკა ბათუმის შოთა რუსთაველის სახელმწიფო უნივერსიტეტის მთავარი ბიბლიოთეკა წიგნსაცავი 2022-06-23 64.00 339.9 ე-49 62837 2022-06-23 62837 2022-06-23 წიგნი 64 ლ.
          ბათუმის შოთა რუსთაველის სახელმწიფო უნივერსიტეტის მთავარი ბიბლიოთეკა ბათუმის შოთა რუსთაველის სახელმწიფო უნივერსიტეტის მთავარი ბიბლიოთეკა წიგნსაცავი 2022-06-23 64.00 339.9 ე-49 62838 2022-06-23 62838 2022-06-23 წიგნი 64 ლ.
          ბათუმის შოთა რუსთაველის სახელმწიფო უნივერსიტეტის მთავარი ბიბლიოთეკა ბათუმის შოთა რუსთაველის სახელმწიფო უნივერსიტეტის მთავარი ბიბლიოთეკა წიგნსაცავი 2022-06-23 64.00 339.9 ე-49 62839 2022-06-23 62839 2022-06-23 წიგნი 64 ლ.
          ბათუმის შოთა რუსთაველის სახელმწიფო უნივერსიტეტის მთავარი ბიბლიოთეკა ბათუმის შოთა რუსთაველის სახელმწიფო უნივერსიტეტის მთავარი ბიბლიოთეკა წიგნსაცავი 2022-06-23 64.00 339.9 ე-49 62840 2022-06-23 62840 2022-06-23 წიგნი 64 ლ.
          ბათუმის შოთა რუსთაველის სახელმწიფო უნივერსიტეტის მთავარი ბიბლიოთეკა ბათუმის შოთა რუსთაველის სახელმწიფო უნივერსიტეტის მთავარი ბიბლიოთეკა წიგნსაცავი 2022-06-23 64.00 339.9 ე-49 62841 2022-06-23 62841 2022-06-23 წიგნი 64 ლ.